El día más claro llueve / (Registro nro. 14530)

Detalles MARC
000 -LEADER
fixed length control field 00989nam a2200301 i 4500
001 - CONTROL NUMBER
control field 000047139
003 - CONTROL NUMBER IDENTIFIER
control field DO-SdBNP
005 - DATE AND TIME OF LATEST TRANSACTION
control field 20240117092511.0
007 - PHYSICAL DESCRIPTION FIXED FIELD--GENERAL INFORMATION
fixed length control field ta
008 - FIXED-LENGTH DATA ELEMENTS--GENERAL INFORMATION
fixed length control field 150216s2016 dr a 000 j spa d
020 ## - INTERNATIONAL STANDARD BOOK NUMBER
International Standard Book Number 9789945175837
040 ## - CATALOGING SOURCE
Original cataloging agency DO-SdBNP
Language of cataloging spa
Transcribing agency BPMSU
Description conventions rda
082 #4 - DEWEY DECIMAL CLASSIFICATION NUMBER
Classification number RD863.5
Item number S237d 2016
Edition number 22
100 1# - MAIN ENTRY--PERSONAL NAME
Personal name Santos, Dulce Elvira de los,
Relator term autora
245 13 - TITLE STATEMENT
Title El día más claro llueve /
Statement of responsibility, etc. Dulce Elvira de los Santos ; ilustraciones, Adelina Rosa Dore.
264 #1 - PRODUCTION, PUBLICATION, DISTRIBUTION, MANUFACTURE, AND COPYRIGHT NOTICE
Place of production, publication, distribution, manufacture Santo Domingo :
Name of producer, publisher, distributor, manufacturer S.M.,
Date of production, publication, distribution, manufacture, or copyright notice 2016.
300 ## - PHYSICAL DESCRIPTION
Extent 29 páginas :
Other physical details ilustraciones ;
Dimensions 20 cm.
336 ## - CONTENT TYPE
Source rdacontent
Content type term texto
Content type code txt
337 ## - MEDIA TYPE
Source rdamedia
Media type term sin mediación
Media type code n
338 ## - CARRIER TYPE
Source rdacarrier
Carrier type term volumen
Carrier type code nc
490 0# - SERIES STATEMENT
Series statement El barco de vapor;
-- Los felices,
Volume/sequential designation 4
590 ## - LOCAL NOTE (RLIN)
Local note Inventariado, 2024/VM
650 #4 - SUBJECT ADDED ENTRY--TOPICAL TERM
Topical term or geographic name as entry element Cuentos infantiles dominicanos
650 #4 - SUBJECT ADDED ENTRY--TOPICAL TERM
Topical term or geographic name as entry element Literatura dominicana.
700 1# - ADDED ENTRY--PERSONAL NAME
Personal name Dore, Adelina Rosa,
Relator term ilustraciones
910 ## - USER-OPTION DATA (OCLC)
User-option data VMateo V. Control de calidad. BPMSU
942 ## - ADDED ENTRY ELEMENTS (KOHA)
Source of classification or shelving scheme Dewey Decimal Classification
Koha item type Libros
Existencias
Withdrawn status Lost status Source of classification or shelving scheme Damaged status Not for loan Collection code Home library Current library Date acquired Total Checkouts Full call number Barcode Date last seen Price effective from Koha item type
    Dewey Decimal Classification     Colección Infantil Dominicana Biblioteca Pública Metropolitana Salomé Ureña Biblioteca Pública Metropolitana Salomé Ureña 01/17/2024   BPMSU CD RD863.5 S237d 2016 BPMSU24010019 01/17/2024 01/17/2024 Libros